| 000 | 01553nam a2200349Ia 4500 | ||
|---|---|---|---|
| 001 | ebr10201369 | ||
| 003 | CaPaEBR | ||
| 006 | m u | ||
| 007 | cr cn||||||||| | ||
| 008 | 061012s2006 si a sb 101 0 eng d | ||
| 020 | _z9789812566904 | ||
| 020 | _z9812566902 | ||
| 040 |
_aCaPaEBR _cCaPaEBR |
||
| 035 | _a(OCoLC)299585026 | ||
| 050 | 1 | 4 |
_aQC770 _b.I58 2006eb |
| 111 | 2 |
_aInternational FLINS Conference _n(7th : _d2006 : _cGenoa, Italy) |
|
| 245 | 1 | 0 |
_aApplied artificial intelligence _h[electronic resource] : _bproceedings of the 7th International FLINS Conference, Genova, Italy, 29-31 August 2006 / _cedited by Da Ruan ... [et al.]. |
| 246 | 3 | 0 | _aFLINS conference 2006 |
| 246 | 3 | 0 | _aFuzzy logic and intelligent technologies in nuclear science conference |
| 260 |
_aSingapore ; _aRiver Edge, NJ : _bWorld Scientific, _cc2006. |
||
| 300 |
_axx, 997 p. : _bill. |
||
| 504 | _aIncludes bibliographical references and index. | ||
| 533 |
_aElectronic reproduction. _bPalo Alto, Calif. : _cebrary, _d2009. _nAvailable via World Wide Web. _nAccess may be limited to ebrary affiliated libraries. |
||
| 650 | 0 |
_aArtificial intelligence _vCongresses. |
|
| 650 | 0 |
_aFuzzy logic _vCongresses. |
|
| 650 | 0 |
_aNuclear engineering _xMathematics _vCongresses. |
|
| 650 | 0 |
_aNuclear physics _xMathematics _vCongresses. |
|
| 655 | 7 |
_aElectronic books. _2local |
|
| 700 | 1 | _aRuan, Da. | |
| 710 | 2 | _aebrary, Inc. | |
| 856 | 4 | 0 |
_uhttp://site.ebrary.com/lib/rucke/Doc?id=10201369 _zAn electronic book accessible through the World Wide Web; click to view |
| 999 |
_c223276 _d223276 |
||